000 00519nam a2200169Ia 4500
008 240729s9999 xx 000 0 und d
022 _a1687-7586
245 0 _aInternational Journal of Digital Multimedia Broadcasting
260 _aUnited Kingdom
260 _bHindawi Limited
650 _a Electrical engineering. Electronics. Nuclear engineering
650 _a Telecommunication
650 _aTechnology
856 _uhttps://doaj.org/toc/ca5be00aeba34df28fc8aed9d5f4b356
942 _2ddc
942 _cDOAJEJ
999 _c71694
_d71694
945 _a1
_bMadushi Gamage
_c1
_dMadushi Gamage